| 000 | 00476nam a2200157 4500 | ||
|---|---|---|---|
| 001 | 139151 | ||
| 003 | ES-MaACL | ||
| 005 | 20230906195719.0 | ||
| 007 | t| | ||
| 008 | 070214s1944 ag r ||||1| spa d | ||
| 100 | 1 |
_aSarfatti, Margherita G. de. _9103803 |
|
| 245 | 1 | 0 |
_aTiziano _b: o de la fé en la vida / _cMargherita G. de Sarfatti. |
| 260 |
_aBuenos Aires : _bPoseidón, _c1944. |
||
| 300 |
_a149 p., 122 lám. : _bil. ; _c24 cm. |
||
| 852 |
_aES-MaACL _jC-4995 _bR.25356 |
||
| 999 |
_c139151 _d139151 |
||